Stolice świata, których pierwsza litera jest niepowtarzalna - Statystyki

Ogólne statystyki
  • Ten quiz został rozwiązany 135 razy
  • Średni wynik to 4 z 6
Statystyki odpowiedzi
- Stolica Kontynent % Poprawnych
Z Zagrzeb Europa
93%
Q Quito Jedna z Ameryk
79%
U Ułan Bator Azja
75%
E Erywań Azja
72%
I Islamabad Azja
66%
Y Yaren Oceania
47%
Nie znaleziono quizów pasujących do podanych kryteriów
Rozkład punktacji
Procent ludzi z każdym wynikiem
Percentyl według liczby udzielonych odpowiedzi
Twoja historia wyników
Nie rozwiązałeś tego quizu